LEADER 01001nam0-2200337---450- 001 990009302620403321 005 20101223141734.0 010 $a978-3-406-58357-5 035 $a000930262 035 $aFED01000930262 035 $a(Aleph)000930262FED01 035 $a000930262 100 $a20101223d2009----km-y0itay50------ba 101 0 $ager 102 $aDE 105 $ay-------001yy 200 1 $aEndspiel$edie Revolution von 1989 in der DDR$fIlko-Sascha Kowalczuk 205 $a2. Aufl. 210 $aMünchen$cBeck$dc2009 215 $a602 p.$d22 cm 610 0 $aRepubblica democratica tedesca$aPolitica e governo$a1989-1990 610 0 $aOpposizione politica$aRepubblica democratica tedesca$a1989-1990 676 $a943.0878 700 1$aKowalczuk,$bIlko-Sascha$f<1967- >$0323845 801 0$aIT$bUNINA$gRICA$2UNIMARC 901 $aBK 912 $a990009302620403321 952 $a943.087 KOW 1$b16666 DFM$fFLFBC 959 $aFLFBC 996 $aEndspiel$9770966 997 $aUNINA LEADER 01227nam0-22003491i-450 001 990008093020403321 005 20240201132647.0 035 $a000809302 035 $aFED01000809302 035 $a(Aleph)000809302FED01 035 $a000809302 100 $a20050419f19..----km-y0itay50------ba 101 0 $aita 102 $aIT 105 $aaef-----001yy 200 1 $aRoma prima di Sisto 5.$ela pianta di Roma Du Perac-Lafrery del 1577 riprodotta dall'esemplare esistente nel museo britannico$fper cura e per introduzione di Francesco Ehrle 210 $aCittŕ del Vaticano$cBiblioteca Apostolica Vaticana$d[19..] 215 $a70 p., 9 c. di tav.$cill.$d34 cm 300 $aSul front.: Contributo alla storia del commercio delle stampe a Roma nel secolo 16. e 17. 610 0 $aRoma$aCartografia 610 0 $aRoma$aPiante$a1557 610 0 $aRoma$aStoria$aSec. 16.-17. 700 1$aDu Pérac,$bEtienne$f<1535?-1604>$0435253 701 1$aLafréry,$bAntoine$f<1512-1577>$0426618 702 1$aEhrle,$bFranz 801 0$aIT$bUNINA$gRICA$2UNIMARC 901 $aBK 912 $a990008093020403321 952 $aG.F 179$b2945$fDARST 959 $aDARST 996 $aRoma prima di Sisto 5$9753340 997 $aUNINA